Sports Quiz

Random Sports or MLB Quiz
Score 0/20 Timer 07:00
12 Plays Today
% Correct
Babe Ruth
98.8%
Rickey Henderson
85%
Nolan Ryan
83.9%
Cy Young
75.8%
Ted Williams
74.6%
Barry Bonds
74.5%
Ichiro Suzuki
73.7%
Roger Clemens
62.9%
John Smoltz
61.6%
Trevor Hoffman
58.4%
% Correct
Albert Pujols
56.6%
Randy Johnson
53.8%
Pete Rose
53.2%
Greg Maddux
46.6%
Dennis Eckersley
44.5%
Omar Vizquel
36.1%
Denny McLain
32.2%
Ken Griffey Jr.
31.8%
Christy Mathewson
29.4%
Wade Boggs
25.4%
Remove Ads.
Support Sporcle.
Get the best of Sporcle when you Go Orange. This ad-free experience offers more features, more stats, and more fun while also helping to support Sporcle. Thank you for becoming a member.

You're not logged in!

Compare scores with friends on all Sporcle quizzes.
OR
Log In

Show Comments

Extras

Top Quizzes Today


Score Distribution

Your Account Isn't Verified!

In order to create a playlist on Sporcle, you need to verify the email address you used during registration. Go to your Sporcle Settings to finish the process.

Report this User

Report this user for behavior that violates our Community Guidelines.

Details: